000 01334nam a2200325 i 4500
005 20250117152152.0
008 250117s1997 ck ag grk 000 mdspa d
020 _a9589593197
040 _aCO-PeBPR
_cCO-PeBPR
_erda
041 _aspa
082 0 4 _a781.9861
_bL953l
245 0 0 _aLuis Ángel Moreno :
_bCompositor Quindiano
_cÁlvaro Pareja Castro, Martha Cecilia Valencia Álvarez; compiladores
264 1 _a[Armenia] Quindío
_bComité Departamental de Cafeteros del Quindío (Colombia)
_c1997
300 _a125 páginas
_bilustraciones, fotografías, partituras
_c29 cm
336 _aTexto
_btxt
_2rdacontent
337 _aSin mediación
_bn
_2rdamedia
338 _aVolumen
_bnc
_2rdacarrier
490 _aSerie Compositores Quindianos
_v1
500 _aIncluye nota biográfica
500 _aContiene discografía
504 _6Incluye bibliografía
600 0 _954131
_aMoreno, Luis Ángel
_d1884-1945
650 0 _915851
_aMusica Colombiana
650 0 _931156
_aMusica Para Piano
_vPartituras
650 0 _927824
_aLectura y Ejecucion de Partituras
700 1 _954132
_aPareja Castro, Álvaro
_ecompilador
700 1 _954133
_aValencia Álvarez, Martha Cecilia
_ecompiladora
830 _aColección Musical - Eduardo González
942 _2ddc
_cPART
_h781.9861 L953l
_k781.9861
_mL953l
999 _c17447
_d17447